Aeropuertos con más pasajeros de China - Estadísticas

Estadísticas generales
  • Esta prueba ha sido intentada 30 veces
  • La puntuación promedio es 16 de 35
Estadísticas de respuestas
# Aeropuerto IATA % Correcto
100 m Pekín Capital PEK
100%
45.6 m Shanghái Hongqiao SHA
100%
76.2 m Shanghái Pudong PVG
100%
73.4 m Cantón Baiyun CAN
86%
71.5 m Hong Kong HKG
83%
52.9 m Shenzhen Bao'an SZX
72%
47.2 m Xi'an Xianyang XIY
72%
55.9 m Chengdu Shuangliu CTU
66%
27.2 m Wuhan Tianhe WUH
62%
23.8 m Tianjin Binhai TSN
55%
40.1 m Hangzhou Xiaoshan HGH
52%
27.4 m Xiamen Gaoqi XMN
52%
44.8 m Chongqing Jiangbei CKG
48%
20.1 m Dalian Zhoushuizi DLC
45%
20.8 m Harbin Taiping HRB
41%
24.0 m Ürümqi Diwopu URC
41%
14.8 m Fuzhou Changle FOC
38%
48.1 m Kunming Changshui KMG
38%
26.9 m Changsha Huanghua CSX
34%
30.6 m Nankín Lukou NKG
34%
25.6 m Qingdao Liuting TAO
34%
20.5 m Shenyang Taoxian SHE
34%
15.8 m Nanning Wuxu NNG
31%
29.1 m Zhengzhou Xinzheng CGO
31%
24.2 m Haikou Meilan HAK
28%
17.6 m Jinan Yaoqiang TNA
28%
12.4 m Ningbo Lishe NGB
28%
12.3 m Wenzhou Longwan WNZ
28%
13.9 m Changchun Longjia CGQ
21%
14.0 m Taiyuan Wusu TYN
21%
20.2 m Sanya Phoenix SYX
17%
13.6 m Nanchang Changbei KHN
14%
21.9 m Guiyang Longdongbao KWE
10%
13.2 m Hohhot Baita HET
10%
15.3 m Lanzhou Zhongchuan LHW
0%
No se encontraron pruebas coincidentes
Distribución de puntuación
Porcentaje de gente con cada puntuación
Porcentaje por número respondido
Historial de tus puntuaciones
No has intentado esta prueba.